[Event "3rd Remco Heite Rapid Open"]
[Site "Wolvega NED"]
[Date "2010.11.27"]
[Round "1"]
[White "Van Gils, Martin"]
[Black "Nijboer, Friso"]
[Result "0-1"]
[BlackTitle "GM"]
[WhiteElo "2061"]
[BlackElo "2583"]
[WhiteFideId "1015796"]
[BlackFideId "1000063"]
[EventDate "2010.11.27"]

1. e4 c5 2. Nf3 e6 3. d4 cxd4 4. Nxd4 a6 5. Bd3 Bc5 6. Nb3 Ba7 7. Nc3 Nc6 8. Qe2
d6 9. O-O Nge7 10. Be3 b5 11. Rad1 O-O 12. f4 b4 13. Na4 Qc7 14. Kh1 Bd7 15. e5
dxe5 16. Nac5 Bc8 17. Qf3 Nd5 18. Bc1 exf4 19. Bxh7+ Kxh7 20. Qh5+ Kg8 21. Rxd5
exd5 22. Bxf4 Qe7 23. Nd3 Qe4 24. Bd6 Bg4 25. Qh4 Be2 26. Rf4 Qe3 0-1

[Event "3rd Remco Heite Rapid Open"]
[Site "Wolvega NED"]
[Date "2010.11.27"]
[Round "1"]
[White "Brandenburg, Daan"]
[Black "Abma, Klaas"]
[Result "1-0"]
[WhiteTitle "IM"]
[WhiteElo "2515"]
[BlackElo "1990"]
[WhiteFideId "1011014"]
[BlackFideId "1034146"]
[EventDate "2010.11.27"]

1. e4 e6 2. d4 d5 3. Nd2 Nf6 4. e5 Nfd7 5. c3 c5 6. Bd3 Nc6 7. Ne2 cxd4 8. cxd4
f6 9. exf6 Nxf6 10. O-O Bd6 11. Nf3 Qc7 12. Bg5 O-O 13. Rc1 h6 14. Bd2 Bd7 15.
Ng3 Rae8 16. Bc3 Qb8 17. Nh4 Ne7 18. Re1 g5 19. Nf3 Nf5 20. Ne5 Nh4 21. Nh5 Qd8
22. Qe2 a6 23. f4 Nxh5 24. Qxh5 Bxe5 25. fxe5 Nf5 26. Qg6+ Kh8 27. Bxf5 Rxf5 28.
Qxh6+ Kg8 29. Qg6+ Kf8 30. Bb4+ Re7 1-0

[Event "3rd Remco Heite Rapid Open"]
[Site "Wolvega NED"]
[Date "2010.11.27"]
[Round "2"]
[White "Nijboer, Friso"]
[Black "Van Der Klein, Paul"]
[Result "1-0"]
[WhiteTitle "GM"]
[WhiteElo "2583"]
[BlackElo "1991"]
[WhiteFideId "1000063"]
[BlackFideId "1013025"]
[EventDate "2010.11.27"]

1. e4 e6 2. d4 d5 3. Nc3 Nf6 4. e5 Nfd7 5. f4 c5 6. Nf3 Nc6 7. Be3 a6 8. Qd2 Qa5
9. Be2 b5 10. O-O g6 11. Kh1 Bb7 12. a3 Qb6 13. Nd1 cxd4 14. Nxd4 Nxd4 15. Bxd4
Bc5 16. c3 a5 17. Ne3 Nb8 18. Ng4 Nd7 19. f5 gxf5 20. Nh6 Nf8 21. g4 O-O-O 22.
Nxf7 Rg8 23. Nxd8 Bxd4 24. cxd4 Kxd8 25. Rac1 Nd7 26. gxf5 exf5 1-0

[Event "3rd Remco Heite Rapid Open"]
[Site "Wolvega NED"]
[Date "2010.11.27"]
[Round "2"]
[White "Potze, Rudolf"]
[Black "Brandenburg, Daan"]
[Result "0-1"]
[BlackTitle "IM"]
[WhiteElo "2110"]
[BlackElo "2515"]
[WhiteFideId "1008501"]
[BlackFideId "1011014"]
[EventDate "2010.11.27"]

1. e4 c5 2. c3 g6 3. Bc4 Qc7 4. Nf3 Bg7 5. O-O d6 6. d3 Nf6 7. h3 O-O 8. Re1
Nbd7 9. Qe2 Ne5 10. Bb3 b5 11. Bc2 Bb7 12. Nbd2 Rac8 13. Nf1 Nh5 14. N3h2 b4 15.
Bd2 bxc3 16. bxc3 Ba6 17. f4 Nc6 18. Rac1 Qa5 19. Bb3 e5 20. g3 exf4 21. gxf4
Kh8 22. Qf3 c4 23. dxc4 f5 24. Ng3 fxe4 25. Rxe4 Ne5 26. Qe3 Nxg3 27. Qxg3 Nxc4
28. Be1 d5 29. Re6 Rce8 30. Rxe8 Rxe8 31. Bf2 Nd6 32. Bd4 Nf5 33. Bxg7+ Kxg7 34.
Qf2 Re3 35. Ng4 Rg3+ 36. Kh2 Bc8 37. c4 d4 38. c5 Rc3 39. Qd2 Rxh3+ 0-1

[Event "3rd Remco Heite Rapid Open"]
[Site "Wolvega NED"]
[Date "2010.11.27"]
[Round "3"]
[White "Ernst, Sipke"]
[Black "Slingerland, Fred"]
[Result "1-0"]
[WhiteTitle "GM"]
[BlackTitle "IM"]
[WhiteElo "2590"]
[BlackElo "2409"]
[WhiteFideId "1004689"]
[BlackFideId "1002473"]
[EventDate "2010.11.27"]

1. d4 d5 2. c4 dxc4 3. Nf3 a6 4. e3 Nf6 5. Bxc4 e6 6. O-O c5 7. dxc5 Bxc5 8.
Qxd8+ Kxd8 9. Ne5 Ke7 10. Be2 Nbd7 11. Nc4 b5 12. Na5 Ne5 13. Bd2 Ne4 14. Rc1
Bb6 15. Bb4+ Kf6 16. Nc3 Nxc3 17. Bxc3 Kf5 18. a4 Bd7 19. Nb7 Nc4 20. b3 Bc6 21.
bxc4 Bxb7 22. Bd3+ Kg5 23. cxb5 Rhd8 24. Be2 axb5 25. a5 Ba7 26. Bxb5 Rac8 27.
Be2 f6 28. Kf1 e5 29. Rab1 Ba8 30. g3 Kf5 31. Ke1 g6 32. Bd2 h5 33. Bd3+ Kg5 34.
h4+ Kh6 35. Rxc8 Rxc8 36. e4+ g5 37. Ke2 Kg6 38. Be3 Bxe3 39. Kxe3 Rc3 40. Rb8
Bxe4 41. Kxe4 f5+ 42. Kxe5 Rxd3 43. Rb6+ Kg7 44. hxg5 Rf3 45. Rb2 Ra3 46. Rb5
Kg6 47. f4 Re3+ 48. Kd5 Rxg3 49. Rb6+ Kg7 50. a6 Ra3 51. Kc6 h4 52. Kb7 h3 53.
Rb2 1-0

[Event "3rd Remco Heite Rapid Open"]
[Site "Wolvega NED"]
[Date "2010.11.27"]
[Round "3"]
[White "De Vreugt, Dennis"]
[Black "Nijboer, Friso"]
[Result "0-1"]
[WhiteTitle "GM"]
[BlackTitle "GM"]
[WhiteElo "2434"]
[BlackElo "2583"]
[WhiteFideId "1003909"]
[BlackFideId "1000063"]
[EventDate "2010.11.27"]

1. e4 c5 2. Nf3 Nc6 3. Bb5 d6 4. O-O Bd7 5. Re1 Nf6 6. c3 a6 7. Bf1 Bg4 8. h3
Bh5 9. d3 e6 10. Nbd2 Be7 11. g4 Bg6 12. Bg2 h6 13. Nf1 d5 14. e5 Nd7 15. Bf4
Qb6 16. Qe2 h5 17. b3 hxg4 18. hxg4 O-O-O 19. N1d2 Kb8 20. a3 Ka8 21. b4 f5 22.
exf6 Bxf6 23. Qxe6 Bxd3 24. Qe3 c4 25. Rac1 Qxe3 26. Rxe3 Rdf8 27. Bd6 Re8 28.
Ne1 Rxe3 29. fxe3 Nde5 30. a4 Bg5 31. Bc5 d4 32. Nf1 Bxf1 33. Kxf1 Bxe3 34. Rd1
Nxg4 35. cxd4 Nh2+ 36. Ke2 Re8 37. b5 Nxd4+ 38. Bxd4 Bxd4+ 39. Kd2 Ka7 40. Kc1
Bf6 41. Rd7 Rxe1+ 42. Kd2 Re7 43. Rxe7 Bxe7 44. bxa6 Kxa6 0-1

[Event "3rd Remco Heite Rapid Open"]
[Site "Wolvega NED"]
[Date "2010.11.27"]
[Round "3"]
[White "Brandenburg, Daan"]
[Black "Vos, Tjark"]
[Result "1-0"]
[WhiteTitle "IM"]
[WhiteElo "2515"]
[BlackElo "1819"]
[WhiteFideId "1011014"]
[BlackFideId "1020870"]
[EventDate "2010.11.27"]

1. e4 e6 2. d4 d5 3. Nd2 Nf6 4. e5 Nfd7 5. c3 c5 6. Bd3 b6 7. Nh3 Ba6 8. Bxa6
Nxa6 9. Qe2 Nc7 10. Nf4 Be7 11. Nf3 Qc8 12. h4 Qa6 13. Nd3 Rc8 14. Bg5 Bxg5 15.
hxg5 cxd4 16. Nxd4 Nc5 17. Rh3 Nxd3+ 18. Rxd3 h6 19. Rh3 Qxe2+ 20. Kxe2 Kd7 21.
Rah1 Rh7 22. gxh6 g6 23. Nf3 Ke7 24. Ng5 Rhh8 25. f4 Nb5 26. a4 Nc7 27. g4 Na6
28. f5 exf5 29. gxf5 gxf5 30. Nf3 Ke6 31. Rh5 Nc5 32. Nd4+ Kxe5 33. Rxf5+ Kd6
34. Rxf7 Ne4 35. Rh2 a6 36. h7 Rce8 37. Rh6+ 1-0

[Event "3rd Remco Heite Rapid Open"]
[Site "Wolvega NED"]
[Date "2010.11.27"]
[Round "4"]
[White "L'Ami, Alina"]
[Black "Ernst, Sipke"]
[Result "0-1"]
[WhiteTitle "WGM"]
[BlackTitle "GM"]
[WhiteElo "2348"]
[BlackElo "2590"]
[WhiteFideId "1210246"]
[BlackFideId "1004689"]
[EventDate "2010.11.27"]

1. d4 Nf6 2. c4 e6 3. Nc3 Bb4 4. Qc2 Nc6 5. Nf3 d6 6. a3 Bxc3+ 7. Qxc3 O-O 8. g3
Re8 9. Bg2 e5 10. d5 Ne7 11. O-O a5 12. Nh4 a4 13. f4 e4 14. f5 h6 15. Bxh6
Nexd5 16. cxd5 gxh6 17. Rac1 Re5 18. Qxc7 Qxc7 19. Rxc7 Nxd5 20. Rcc1 Bd7 21.
Rfd1 Bc6 22. Rd4 Rae8 23. g4 Kg7 24. Kf2 Nf6 25. Rxd6 Nxg4+ 26. Kg1 Nf6 27. Rc3
Nh5 28. Bh3 Nf4 29. Rg3+ Kh7 30. Bf1 Nh5 31. Rh3 e3 32. Ng2 Rxf5 33. Nxe3 Rg8+
34. Bg2 Bxg2 35. Nxg2 Rc8 36. Rc3 Rg8 37. Rh3 b5 38. e4 Rc5 39. Kf2 Rxg2+ 40.
Kxg2 Nf4+ 41. Kg3 Nxh3 42. Kxh3 Rc2 43. Rb6 Rxb2 44. Kg4 Rxh2 45. Rxb5 Rg2+ 46.
Kf4 Ra2 47. Rb7 Kg6 48. Rb6+ Kg7 49. e5 Rxa3 50. e6 Ra1 51. exf7 a3 52. Kg3 a2
53. Kh3 0-1

[Event "3rd Remco Heite Rapid Open"]
[Site "Wolvega NED"]
[Date "2010.11.28"]
[Round "5"]
[White "Ernst, Sipke"]
[Black "Nijboer, Friso"]
[Result "1-0"]
[WhiteTitle "GM"]
[BlackTitle "GM"]
[WhiteElo "2590"]
[BlackElo "2583"]
[WhiteFideId "1004689"]
[BlackFideId "1000063"]
[EventDate "2010.11.27"]

1. d4 Nf6 2. c4 g6 3. Nc3 Bg7 4. e4 d6 5. Nf3 O-O 6. Be2 e5 7. O-O Nc6 8. d5 Ne7
9. b4 Nh5 10. Re1 Kh8 11. Nd2 Nf4 12. Bf1 a5 13. bxa5 Rxa5 14. a4 c5 15. Nb5 Ra6
16. Ra3 Nh5 17. Bb2 Nf6 18. Qa1 Ne8 19. f4 f6 20. g3 Ng8 21. Rf3 Bg4 22. Rf2 Qa5
23. Bc3 Qxa4 24. Qb2 Bd7 25. Nb3 Rb6 26. Ra1 Bxb5 27. Nxc5 Qxa1 28. Qxa1 dxc5
29. cxb5 Nd6 30. Qa7 Nxe4 31. Qxb6 Nxc3 32. fxe5 f5 33. Qxc5 Ne4 34. Qc7 Nxf2
35. Kxf2 f4 36. g4 Nh6 37. h3 Nf7 38. e6 Be5 39. Qe7 Bd6 40. Qf6+ 1-0

[Event "3rd Remco Heite Rapid Open"]
[Site "Wolvega NED"]
[Date "2010.11.28"]
[Round "5"]
[White "L'Ami, Alina"]
[Black "De Vreugt, Dennis"]
[Result "0-1"]
[WhiteTitle "WGM"]
[BlackTitle "GM"]
[WhiteElo "2348"]
[BlackElo "2434"]
[WhiteFideId "1210246"]
[BlackFideId "1003909"]
[EventDate "2010.11.27"]

1. d4 Nf6 2. c4 e6 3. Nc3 Bb4 4. Qc2 O-O 5. a3 Bxc3+ 6. Qxc3 b6 7. Bg5 Bb7 8. f3
h6 9. Bh4 c5 10. dxc5 bxc5 11. e4 Nc6 12. e5 Ne4 13. Bxd8 Nxc3 14. Bc7 Rfc8 15.
Bd6 Nd4 16. Kf2 Na4 17. Ne2 Nf5 18. b3 Nxd6 19. exd6 Nb6 20. Nc3 Rc6 21. Rd1 Nc8
22. b4 Rxd6 23. Bd3 Ra6 24. Be4 Bxe4 25. Nxe4 cxb4 26. axb4 Nb6 27. Rd6 Ra2+ 28.
Kg3 Nxc4 29. Rxd7 Rb8 30. Rb1 Ne3 31. Rb3 Rxg2+ 32. Kh3 Re2 33. Rxa7 Nf1 34. Rb1
Rxh2+ 35. Kg4 f5+ 36. Kf4 fxe4 37. Rxf1 Rxb4 38. Rg1 exf3+ 39. Kxf3 Rh3+ 40. Kg2
Rg4+ 41. Kxh3 Rxg1 42. Re7 Rg6 43. Kh4 Kh7 44. Kh5 Rf6 45. Rd7 Rf5+ 46. Kg4 Kg6
47. Re7 Rf6 48. Rd7 e5 49. Re7 Rf4+ 50. Kg3 Kf6 51. Re8 h5 52. Rh8 g6 53. Re8
Kf5 54. Rf8+ Kg5 55. Re8 h4+ 56. Kg2 e4 57. Re5+ Kg4 58. Re8 g5 59. Re5 h3+ 60.
Kg1 Kh4 61. Re8 g4 62. Re7 Kg3 0-1

[Event "3rd Remco Heite Rapid Open"]
[Site "Wolvega NED"]
[Date "2010.11.28"]
[Round "6"]
[White "Van Der Wiel, John T.H."]
[Black "Ernst, Sipke"]
[Result "0-1"]
[WhiteTitle "GM"]
[BlackTitle "GM"]
[WhiteElo "2472"]
[BlackElo "2590"]
[WhiteFideId "1000020"]
[BlackFideId "1004689"]
[EventDate "2010.11.27"]

1. e4 e5 2. Nf3 Nc6 3. d4 exd4 4. Nxd4 Nf6 5. Nxc6 bxc6 6. e5 Qe7 7. Qe2 Nd5 8.
Nd2 d6 9. exd6 cxd6 10. Ne4 Be6 11. Bd2 Rb8 12. O-O-O Qb7 13. b3 Be7 14. h4 Nb4
15. Bxb4 Qxb4 16. Kb1 h6 17. f3 d5 18. Nf2 Bf6 19. Ng4 Bc3 20. Qe3 O-O 21. Bd3
Bxg4 22. fxg4 Rfe8 23. Qf3 Be5 24. Bf5 g6 25. c3 Qxc3 26. Qxc3 Bxc3 27. Bd3 Re3
28. h5 g5 29. Rh3 Rbe8 30. Kc2 Bf6 31. Rf1 Kg7 32. Rxe3 Rxe3 33. Rf3 Re1 34. Rf1
Re3 35. Rf3 Re1 36. Rf1 Re7 37. Rf5 Be5 38. b4 f6 39. Rf1 Kf7 40. Bf5 Rb7 41.
Rb1 Ke7 42. a4 Kd6 43. Bd3 Bf4 44. Kc3 Bg3 45. Rf1 Be5+ 46. Kb3 c5 47. Bb5 a6
48. bxc5+ Kxc5 49. Rc1+ Kd4 50. Rd1+ Ke4 51. Kb4 axb5 52. axb5 d4 0-1

[Event "3rd Remco Heite Rapid Open"]
[Site "Wolvega NED"]
[Date "2010.11.28"]
[Round "6"]
[White "Vos, Tjark"]
[Black "De Vreugt, Dennis"]
[Result "0-1"]
[BlackTitle "GM"]
[WhiteElo "1819"]
[BlackElo "2434"]
[WhiteFideId "1020870"]
[BlackFideId "1003909"]
[EventDate "2010.11.27"]

1. e4 e5 2. Nf3 Nc6 3. Bb5 a6 4. Ba4 Nf6 5. O-O Be7 6. Re1 b5 7. Bb3 O-O 8. c3
d6 9. h3 Na5 10. Bc2 c5 11. d4 Qc7 12. Nbd2 cxd4 13. cxd4 Nc6 14. d5 Nb4 15. Bb1
a5 16. a3 Na6 17. Qe2 Bd7 18. Bd3 Rab8 19. a4 Nb4 20. axb5 Nxd3 21. Qxd3 Bxb5
22. Qa3 a4 23. Nb1 Nxe4 24. Rxe4 Qxc1+ 25. Kh2 Bd7 26. Re2 Qf4+ 27. Kg1 Rb3 28.
Qa2 Rxf3 29. gxf3 Bxh3 30. Qxa4 Qg5+ 0-1

[Event "3rd Remco Heite Rapid Open"]
[Site "Wolvega NED"]
[Date "2010.11.28"]
[Round "6"]
[White "Nijboer, Friso"]
[Black "Scholl, Eddie C"]
[Result "1-0"]
[WhiteTitle "GM"]
[WhiteElo "2583"]
[BlackElo "2272"]
[WhiteFideId "1000063"]
[BlackFideId "1000390"]
[EventDate "2010.11.27"]

1. e4 e5 2. Nf3 Nc6 3. Bb5 a6 4. Ba4 Nf6 5. O-O Be7 6. Re1 b5 7. Bb3 O-O 8. d4
d6 9. c3 Bg4 10. d5 Na5 11. Bc2 c6 12. h3 Bc8 13. dxc6 Qc7 14. Nbd2 Qxc6 15. Nf1
Nc4 16. a4 Be6 17. Ng5 Bd7 18. Ng3 h6 19. Nf3 Rfe8 20. Nh4 Bf8 21. Nhf5 Be6 22.
Qf3 Nh7 23. h4 Nb6 24. a5 Nd7 25. Rd1 Nhf6 26. Ne3 Rac8 27. h5 Qb7 28. Ngf5 Nh7
29. Nd5 Bxf5 30. Qxf5 Nc5 31. Be3 Be7 32. b4 Ne6 33. Bb3 Bg5 34. Rd3 Bxe3 35.
Rxe3 Nhg5 36. g3 Nd8 37. Nb6 Rc7 38. Rd1 1-0

[Event "3rd Remco Heite Rapid Open"]
[Site "Wolvega NED"]
[Date "2010.11.28"]
[Round "7"]
[White "De Vreugt, Dennis"]
[Black "Ernst, Sipke"]
[Result "1-0"]
[WhiteTitle "GM"]
[BlackTitle "GM"]
[WhiteElo "2434"]
[BlackElo "2590"]
[WhiteFideId "1003909"]
[BlackFideId "1004689"]
[EventDate "2010.11.27"]

1. e4 e5 2. Nf3 Nc6 3. Bb5 a6 4. Ba4 Nge7 5. Nc3 d6 6. a3 Bd7 7. d4 Ng6 8. Bb3
Be7 9. Nd5 Bg4 10. Ne3 Bxf3 11. Qxf3 Nxd4 12. Qxf7+ Kd7 13. Qxg7 Qf8 14. Qxf8
Raxf8 15. g3 c6 16. h4 h5 17. Bc4 Bd8 18. c3 Ne6 19. b4 Bb6 20. Bd2 Ne7 21. Rd1
Rf6 22. Bc1 Kc7 23. Bxe6 Rxe6 24. Nc4 Ba7 25. Be3 Bxe3 26. Nxe3 a5 27. O-O Ra8
28. Rd3 axb4 29. axb4 Ng8 30. Nf5 Nf6 31. Re1 Ra3 32. Rf3 Ne8 33. Kg2 b5 34. Rd1
Ra2 35. Rc1 Kb6 36. Rd1 Kc7 37. Kh3 Rg6 38. Ne7 Rg7 39. Nf5 Rg6 40. Kg2 Re6 41.
Rfd3 Rf6 42. R3d2 Ra3 43. Rc2 Kb6 44. Ne3 Ra4 45. Rb1 Nc7 46. c4 Ne6 47. cxb5
Kxb5 48. Nd1 Ra8 49. Nc3+ Kb6 50. b5 Nc5 51. bxc6+ Kxc6 52. Nd5 Rff8 53. f3 Ra3
54. Ne7+ Kd7 55. Nf5 Rfa8 56. Rd1 Ra2 57. Rxd6+ Kc7 58. Rdd2 Rxc2 59. Rxc2 Kc6
60. Ng7 Kd6 61. Nxh5 Ne6 62. Nf6 Nd4 63. Rf2 Ke6 64. Ng4 Ra3 65. h5 Ra8 66. Rb2
Ra6 67. h6 Nc6 68. h7 Ra8 69. Rb6 Kd7 70. Nf6+ Kc7 71. Rxc6+ Kxc6 72. Ng8 Ra2+
73. Kh3 Ra1 74. Kg4 Rh1 75. Nf6 Kd6 76. Kf5 Ke7 77. g4 Kf7 78. g5 Rh3 79. Kxe5
Kg6 80. f4 Rh4 81. Ke6 Rh1 82. e5 Kg7 83. Kf5 Ra1 84. g6 Ra6 85. Ne8+ Kh8 86.
Nd6 1-0

[Event "3rd Remco Heite Rapid Open"]
[Site "Wolvega NED"]
[Date "2010.11.28"]
[Round "7"]
[White "Brandenburg, Daan"]
[Black "De Jong, Migchiel"]
[Result "1-0"]
[WhiteTitle "IM"]
[BlackTitle "FM"]
[WhiteElo "2515"]
[BlackElo "2406"]
[WhiteFideId "1011014"]
[BlackFideId "1002848"]
[EventDate "2010.11.27"]

1. e4 c5 2. Nf3 e6 3. c3 d5 4. exd5 Qxd5 5. d4 Nf6 6. Na3 Nc6 7. Nb5 Qd8 8. dxc5
Bxc5 9. Qxd8+ Kxd8 10. Bf4 Nd5 11. O-O-O Ke7 12. Bg3 a6 13. Nbd4 Nxd4 14. Nxd4
Bd7 15. Bc4 Nb6 16. Bb3 Ba4 17. Rhe1 Bxd4 18. Rxd4 Bxb3 19. axb3 Rhc8 20. Bd6+
Ke8 21. Rh4 h6 22. Be5 Kf8 23. Rb4 Rc6 24. Bd4 Nd5 25. Rxb7 Nf4 26. Kb1 g5 27.
g3 Ng6 28. f4 gxf4 29. gxf4 Nh4 30. Bf6 Nf5 31. Rd1 Kg8 32. Rdd7 Rf8 33. c4 Kh7
34. Rxf7+ Rxf7 35. Rxf7+ Kg6 36. Rf8 Rd6 37. Be5 Rd1+ 38. Ka2 Rh1 39. c5 Rc1 40.
b4 Ne3 41. Rf6+ Kh5 42. Rxe6 a5 43. Bc3 Nd1 44. bxa5 Nxc3+ 45. bxc3 Rxc3 46. a6 1-0

[Event "3rd Remco Heite Rapid Open"]
[Site "Wolvega NED"]
[Date "2010.11.28"]
[Round "8"]
[White "Van Der Wiel, John T.H."]
[Black "De Vreugt, Dennis"]
[Result "1-0"]
[WhiteTitle "GM"]
[BlackTitle "GM"]
[WhiteElo "2472"]
[BlackElo "2434"]
[WhiteFideId "1000020"]
[BlackFideId "1003909"]
[EventDate "2010.11.27"]

1. e4 e5 2. Nf3 Nc6 3. d4 exd4 4. Nxd4 Bb4+ 5. c3 Bc5 6. Nxc6 bxc6 7. Bd3 Qh4 8.
Qe2 d6 9. Nd2 Ne7 10. Nf3 Qh5 11. Be3 Bb6 12. Nd4 Qxe2+ 13. Kxe2 O-O 14. Rhe1 f5
15. exf5 Nxf5 16. Bxf5 Bxf5 17. Nxc6 Be4 18. Ne7+ Kh8 19. Kf1 Bb7 20. Rad1 Rae8
21. Bxb6 axb6 22. Nd5 Rxe1+ 23. Kxe1 Rf7 24. f3 g5 25. Ne3 Kg7 26. Kf2 h5 27. h3
Kg6 28. a4 Bc6 29. b3 Bd7 30. c4 g4 31. hxg4 hxg4 32. Kg3 gxf3 33. gxf3 Bc6 34.
Nd5 Kf5 35. Rd4 Ke6 36. Re4+ Kd7 37. Rf4 Rg7+ 38. Rg4 Rf7 39. Rg5 Kc8 40. f4 Kb7
41. f5 b5 42. axb5 Bxd5 43. cxd5 Kb6 44. Kf4 Kc5 45. Rg8 Kxd5 46. Kg5 Rh7 47. f6
Rh1 48. f7 Rg1+ 49. Kf6 Rf1+ 50. Ke7 Kc5 1-0

[Event "3rd Remco Heite Rapid Open"]
[Site "Wolvega NED"]
[Date "2010.11.28"]
[Round "8"]
[White "Nijboer, Friso"]
[Black "L'Ami, Alina"]
[Result "1-0"]
[WhiteTitle "GM"]
[BlackTitle "WGM"]
[WhiteElo "2583"]
[BlackElo "2348"]
[WhiteFideId "1000063"]
[BlackFideId "1210246"]
[EventDate "2010.11.27"]

1. e4 c5 2. Nf3 d6 3. c3 Nf6 4. Bd3 Nc6 5. Bc2 g6 6. h3 Bg7 7. O-O O-O 8. d4
cxd4 9. cxd4 Nb4 10. Bb3 a5 11. Nc3 d5 12. e5 Ne4 13. Be3 Nxc3 14. bxc3 Nc6 15.
a4 b6 16. Re1 Ba6 17. Qd2 b5 18. axb5 Bxb5 19. Rab1 a4 20. Ba2 Rb8 21. e6 fxe6
22. Bf4 e5 23. Nxe5 Nxe5 24. Bxe5 Bxe5 25. Rxe5 Bc4 26. Rbe1 Rf7 27. Bxc4 dxc4
28. Qe2 Rc8 29. Qa2 Qd7 30. Ra5 Qb7 31. Rxa4 Qb3 32. Rc1 Rf4 33. Ra3 Qxa2 34.
Rxa2 e5 35. dxe5 Re4 36. Ra5 Re8 37. Rd1 R4xe5 38. Rxe5 Rxe5 39. Rd8+ Kg7 40.
Rc8 Re4 41. f3 Re2 42. Rxc4 Rc2 43. h4 h5 44. Rc6 Kf7 45. Kh2 Kg7 46. Kg3 Kf7
47. Kh3 Kg7 48. g4 hxg4+ 49. fxg4 Rc1 50. g5 Rh1+ 51. Kg4 Rg1+ 52. Kf4 Rh1 53.
Rc7+ Kg8 54. Ke5 Rxh4 55. Kf6 Rf4+ 56. Kxg6 Kf8 57. Rc5 Ke7 58. Rf5 Rc4 59. Rf3
Rc5 60. Kh6 Rc4 61. g6 Rh4+ 62. Kg7 Re4 63. Rf7+ Ke6 64. Rc7 Rg4 65. Rc6+ Kd7
66. Ra6 Ke7 67. Kh7 Rh4+ 68. Kg8 Rc4 69. g7 Rh4 70. Ra7+ Kf6 71. Kf8 Rc4 72.
Ra6+ 1-0

[Event "3rd Remco Heite Rapid Open"]
[Site "Wolvega NED"]
[Date "2010.11.28"]
[Round "9"]
[White "Van Der Wiel, John T.H."]
[Black "Nijboer, Friso"]
[Result "0-1"]
[WhiteTitle "GM"]
[BlackTitle "GM"]
[WhiteElo "2472"]
[BlackElo "2583"]
[WhiteFideId "1000020"]
[BlackFideId "1000063"]
[EventDate "2010.11.27"]

1. e4 c5 2. Nf3 Nc6 3. d4 cxd4 4. Nxd4 Nf6 5. Nc3 d6 6. Bg5 e6 7. Qd2 a6 8.
O-O-O Be7 9. Bxf6 gxf6 10. Kb1 Nxd4 11. Qxd4 b5 12. f4 Qc7 13. f5 Rb8 14. a3 Bd7
15. Be2 a5 16. Bh5 O-O 17. Rd3 b4 18. Nd1 Kh8 19. axb4 axb4 20. Rg3 Ra8 21. Qxb4
exf5 22. Rc3 Qd8 23. exf5 d5 24. Qh4 Ra4 25. g4 Bxf5 26. b3 Rb4 27. Rf1 Be4 28.
Nf2 f5 29. Qh3 Qa5 30. Nxe4 Ra8 31. Rc8+ Rxc8 32. gxf5 Rxe4 33. Bg6 Rh4 34. Qg3
Bf6 0-1

[Event "3rd Remco Heite Rapid Open"]
[Site "Wolvega NED"]
[Date "2010.11.28"]
[Round "9"]
[White "De Vreugt, Dennis"]
[Black "Brandenburg, Daan"]
[Result "1/2-1/2"]
[WhiteTitle "GM"]
[BlackTitle "IM"]
[WhiteElo "2434"]
[BlackElo "2515"]
[WhiteFideId "1003909"]
[BlackFideId "1011014"]
[EventDate "2010.11.27"]

1. e4 c5 2. Nf3 d6 3. d4 cxd4 4. Nxd4 Nf6 5. Nc3 Nc6 6. Bg5 e6 7. Qd2 a6 8.
O-O-O Bd7 9. f3 Be7 10. h4 b5 11. Nxc6 Bxc6 12. Ne2 Rc8 13. Nd4 Bb7 14. Kb1 O-O
15. Bd3 Nd7 16. Bxe7 Qxe7 17. Qg5 Rfe8 18. f4 Nc5 19. Qxe7 Rxe7 20. Rhe1 g6 21.
Nb3 1/2-1/2